000 00415nam a2200157 4500
001 110100
003 ES-MaACL
005 20230906184956.0
007 t|
008 061121s1969 sp r ||||1| spa d
245 0 0 _aMojacar ayer y hoy.
260 _aMojacar :
_bAyuntamiento,
_c1969.
300 _a230 p., 5 lám. ;
_c20 cm.
710 2 _aMojácar.
_bAyuntamiento.
_95728
852 _aES-MaACL
_jC-50362
_bR.70667
999 _c110100
_d110100